Logo BPK

Bibliografia Prac Pracowników

Politechniki Koszalińskiej

Modele diofantyczne cyklicznych procesów transakcyjnych / (Rekord nr 9768)

Szczegóły MARC
000 -ETYKIETA REKORDU
podpole kontrolne o stałej długości 01027naa a22001817i 4500
001 - NUMER KONTROLNY REKORDU
podpole kontrolne 9768
003 - IDENTYFIKATOR NUMERU KONTROLNEGO REKORDU
podpole kontrolne KOSZ 005
005 - DATA OSTATNIEJ MODYFIKACJI REKORDU
podpole kontrolne 20191005110903.0
008 - POLE O STAŁEJ DŁUGOŚCI - DANE KONTROLNE
podpole kontrolne o stałej długości 160308s2009 pl a|||f| ||||0|| 0 eng d
040 ## - ŹRÓDŁO KATALOGOWANIA
Instytucja, która utworzyła rekord KOSZ 005
Instytucja, która dokonała modyfikacji KOSZ 005/EG
041 0# - KOD JĘZYKA
Kod języka tekstu eng
100 1# - NAZWA OSOBOWA
Nazwa osobowa BOCEWICZ, Grzegorz.
Lata pracy 2006 - .
Instytucja Politechnika Koszalińska - Wydział Elektroniki i Informatyki,
Wydział Katedra Podstaw Informatyki i Zarządzania
245 10 - TYTUŁ/ODPOWIEDZIALNOŚĆ
Tytuł Modele diofantyczne cyklicznych procesów transakcyjnych /
Pozostałe elementy strefy tytułu i oznaczenia odpowiedzialności Grzegorz Bocewicz, Irena Bach, Zbigniew Banaszak.
700 1# - HASŁO DODATKOWE - NAZWA OSOBOWA
Nazwa osobowa BANASZAK, Zbigniew.
Lata pracy 2003 - .
Instytucja Politechnika Koszalińska - Wydział Elektroniki i Informatyki,
Wydział Katedra Podstaw Informatyki i Zarządzania
773 0# - TYTUŁ DOKUMENTU MACIERZYSTEGO
Wyrażenie wprowadzające W:
Tytuł Podstawy informatyczne w organizacji produkcji / red. Wiktor Taranenko. -
Adres wydawniczy Lublin : Lubelskie Towarzystwo Naukowe, 2009. -
Informacje dotyczące relacji s. 7-23
700 1# - HASŁO DODATKOWE - NAZWA OSOBOWA
Nazwa osobowa Bach-Dąbrowska, Irena
Określenie związku między hasłem a opisywanym materiałem Autor
Lata pracy 2006 - .
Instytucja Politechnika Koszalińska - Wydział Elektroniki i Informatyki,
Wydział Katedra Podstaw Informatyki i Zarządzania
942 ## - HASŁO DODATKOWE - ELEMENTY(KOHA)
Typ dokumentu Rozdział
Schemat klasyfikacji Uniwersalna klasyfikacja dziesiętna

Brak dostępnych egzemplarzy.

© 2014 Biblioteka Politechniki Koszalińskiej :: BIBLIOGRAFIA PRAC PRACOWNIKÓW